| 000 | 00709pam a2200217 a 4500 | ||
|---|---|---|---|
| 020 | _a0671662627 : | ||
| 040 | _cDLC | ||
| 082 | 0 | 0 | _a574 SIM 1988 A081 Or. |
| 100 | 1 | _aForsyth, Adrian. | |
| 245 | 1 | 0 | _aJourney through a tropical jungle / |
| 260 |
_aNew York : _bSimon and Schuster Books for Young Readers, _cc1988. |
||
| 300 |
_a80 p. : _bcol. ill. ; _c22 x 29 cm. |
||
| 500 | _aIncludes index. | ||
| 520 | _aPresents in text and photographs some of the plants, animals, and people that live in the the tropical rain forest of Costa Rica. | ||
| 650 | 0 | _aRain forest ecology | |
| 650 | 0 | _aRain forests | |
| 650 | 1 | _aRain forest ecology | |
| 650 | 1 | _aRain forests | |
| 650 | 1 | _aEcology. | |
| 942 | _cEK | ||
| 999 |
_c15774 _d15774 |
||